| 000 | 01077pam a2200313 a 4500 | ||
|---|---|---|---|
| 999 |
_c9196 _d9196 |
||
| 001 | 4770765 | ||
| 003 | GZU | ||
| 005 | 20210607152934.0 | ||
| 008 | 861029s1987 nju b 001 0 eng | ||
| 010 | _a 86025562 | ||
| 020 |
_a0691077320 (alk. paper) : _c$45.00 |
||
| 020 |
_a0691022623 (pbk.) : _c$9.95 |
||
| 040 |
_aDLC _cDLC _dDLC |
||
| 050 | 0 | 0 |
_aHF1411 _b.G55 1987 |
| 082 | 0 | 0 |
_a337 _219 |
| 100 | 1 | _aGilpin, Robert. | |
| 245 | 1 | 4 |
_aThe political economy of international relations / _cRobert Gilpin, with the assistance of Jean M. Gilpin. |
| 260 |
_aPrinceton, N.J. : _bPrinceton University Press, _c1987. |
||
| 300 |
_axvi, 449 p. ; _c25 cm. |
||
| 500 | _aIncludes index. | ||
| 504 | _aBibliography: p. 409-435. | ||
| 650 | 0 | _aInternational economic relations. | |
| 650 | 0 | _aCommercial policy. | |
| 650 | 0 | _aInternational finance. | |
| 700 | 1 | _aGilpin, Jean M. | |
| 856 | 4 | 2 |
_3Publisher description _uhttp://www.loc.gov/catdir/enhancements/fy0654/86025562-d.html |
| 906 |
_a7 _bcbc _corignew _d1 _eocip _f19 _gy-gencatlg |
||
| 942 |
_2lcc _cBK _h1411 _iGIL _kHF _m1987 |
||